|
|
|
|
| LEADER |
00000cam a2200000 a 4500 |
| 001 |
vtls001466736 |
| 003 |
SK-MaSNL |
| 005 |
20260301142436.0 |
| 008 |
250414s2003 xo a fr 10000 slo |
| 015 |
|
|
|a SNBA2004/03-02719
|
| 020 |
|
|
|a 8071643734
|
| 035 |
|
|
|a SNK000422041
|
| 035 |
|
|
|a urn:nbn:sk:snk-amjsbe
|
| 035 |
|
|
|a urn:nbn:sk:snk:ar-a0cer9
|
| 035 |
|
|
|a 39215292-8516-4217-bc5e-0b654c3ad354
|
| 040 |
|
|
|a SNK
|b slo
|c SNK
|e AACR2
|
| 041 |
0 |
|
|a slo
|a cze
|
| 044 |
|
|
|a xo
|c SK
|
| 072 |
|
7 |
|a 53
|x Fyzika
|2 konspekt
|
| 072 |
|
7 |
|a 37.016
|x Učebné osnovy. Vyučovacie predmety. Učebnice
|2 konspekt
|
| 080 |
|
|
|a 53:001.891.5
|2 1997
|
| 080 |
|
|
|a 37.016.026
|2 1997
|
| 080 |
|
|
|a (063)
|2 1997
|
| 111 |
2 |
|
|a Šoltésove dni
|n (10. :
|d 2003 :
|c Bratislava, Slovensko)
|4 aut
|9 163995
|
| 245 |
0 |
0 |
|a Šoltésove dni 2003
|b zborník
|c [zostavila Tatiana Hajdúková]
|
| 250 |
|
|
|a 1. vyd.
|
| 260 |
|
|
|a Bratislava
|b Metodicko-pedagogické centrum mesta Bratislavy
|c 2003
|
| 300 |
|
|
|a 60 s., [3] s. príl.
|b ilustr., sch., tab.
|c 30 cm
|
| 500 |
|
|
|a Čiast. text čes.
|
| 500 |
|
|
|a Vyd. v spoluprac. s Učiteľským neinvestičným fondom, Bratislava
|
| 504 |
|
|
|a Bibliogr. odkazy
|
| 650 |
0 |
7 |
|a fyzika
|2 SNKPH
|9 816
|
| 650 |
0 |
7 |
|a fyzikálne pokusy
|2 SNKPH
|9 68156
|
| 650 |
0 |
7 |
|a didaktika vyučovacích predmetov
|2 SNKPH
|9 4030
|
| 655 |
|
7 |
|a zborníky konferencií
|2 SNKPH
|9 70153
|
| 655 |
|
7 |
|a issue_zb
|2 SNK
|9 276493
|
| 700 |
1 |
|
|a Hajdúková, Tatiana
|4 com
|9 48635
|
| 852 |
|
|
|a Slovenská národná knižnica
|
| 919 |
|
|
|a 80-7164-373-4
|
| 954 |
|
|
|a odborná, vedecká literatúra pôvodná (slovenská)
|2 lita
|
| 954 |
|
|
|a odborná, vedecká literatúra cudzojazyčná (svetová)
|2 lita
|
| 958 |
|
|
|a ART
|
| 958 |
|
|
|a OND
|
| 968 |
|
|
|d 37
|
| 999 |
|
|
|c 770249
|d 772179
|
| 952 |
|
|
|t P60, <03>, [BOOK], {603}
|a SNK
|b SNK
|y PREZ
|7 0
|p 17A0411633
|o snkSB 67887
|i snkKSP 861/2004
|0 0
|1 0
|4 0
|d 2004-01-23
|f 1
|l 0
|r 2025-04-16 00:00:00
|w 2026-02-24
|
| 952 |
|
|
|t P60, <04>, [BOOK], {604}
|a SNK
|b SNK
|y VYP
|7 0
|p 17A0411634
|o snkSB 67887 D1
|i snkKSP 862/2004
|0 0
|1 0
|4 0
|d 2004-01-23
|l 0
|r 2005-01-02 00:00:00
|w 2026-02-24
|